00802nam a22002297a 45000010005000000030006000050050017000110080041000280400029000690500012000980820011001101000026001212450031001472600041001783000046002194900033002655050007002985200177003055210027004825210018005096500045005279300FISKH20251209140221.0251209b cb ||||| |||| 00| 0 eng d aFISKHbengcFISKHdFISKH aPZ5.B42 a808.83 aMacnab, Mary eAuthor aBest in children's books / aNew York :bNelson Doubleday ,c1963 a156 pages :bcolor illustrations ;c22 cm aBest in children's booksv10 aL  aThis book is a collection of selected stories, poems, and short readings for children, designed to give young readers a variety of enjoyable and age-appropriate literature.8 a600 bLexile estimate 8 aL bRaz-Plus  aLassie Come-HomevThe three little pigs